NHL 2018/19 Team Captains - Statistics

General Stats
  • This quiz has been taken 137 times
  • The average score is 24 of 31
Answer Stats
Team Captain % Correct
Pittsburgh Penguins Sidney Crosby
97%
Edmonton Oilers Connor Mcdavid
96%
Chicago Blackhawks Jonathan Toews
95%
Anaheim Ducks Ryan Getzlaf
94%
Boston Bruins Zdeno Chara
94%
Los Angeles Kings Anze Kopitar
92%
Washington Capitals Alex Ovechkin
91%
Dallas Stars Jamie Benn
91%
Tampa Bay Lightning Steven Stamkos
89%
Colorado Avalanche Gabriel Landeskog
87%
Nashville Predators Roman Josi
87%
Philadelphia Flyers Claude Giroux
86%
Florida Panthers Aleksander Barkov
85%
Winnipeg Jets Blake Wheeler
82%
Buffalo Sabres Jack Eichel
82%
Calgary Flames Mark Giordano
82%
Montreal Canadiens Shea Weber
82%
Arizona Coyotes Oliver Ekman-Larsson
76%
San Jose Sharks Joe Pavelski
74%
New York Islanders Anders Lee
73%
Minnesota Wild Mikko Koivu
71%
St. Louis Blues Alex Pietrangelo
60%
Columbus Blue Jackets Nick Foligno
60%
Detroit Red Wings No Captain
58%
New York Rangers No Captain
58%
Ottawa Senators No Captain
58%
Toronto Maple Leafs No Captain
58%
Vancouver Canucks No Captain
58%
Vegas Golden Knights No Captain
58%
Carolina Hurricanes Justin Williams
55%
New Jersey Devils Andy Greene
47%
No matching quizzes found
Score Distribution
Percent of People with Each Score
Percentile by Number Answered
Your Score History
You have not taken this quiz